书目信息 |
| 题名: |
单反数码镜头圣经
|
|
| 作者: | ;远望图书 编 | |
| 分册: | ||
| 出版信息: | 重庆 重庆大学出版社 2008.02 |
|
| 页数: | 232页 | |
| 开本: | 28cm | |
| 丛书名: | ||
| 单 册: | ||
| 中图分类: | TB851 | |
| 科图分类: | ||
| 主题词: | 数字照相机--shu zi zhao xiang ji--单镜头反光照相机--摄影镜头--基本知识 | |
| 电子资源: | ||
| ISBN: | 978-7-5624-4390-2 | |
| 000 | 01013nam0 2200229 450 | |
| 001 | 012008297650 | |
| 005 | 20080902085924.50 | |
| 010 | @a978-7-5624-4390-2@dCNY58.00 | |
| 100 | @a20080902d2008 em y0chiy0120 ea | |
| 101 | 0 | @achi |
| 102 | @aCN@b500000 | |
| 105 | @aa z 000yy | |
| 106 | @ar | |
| 200 | 1 | @a单反数码镜头圣经@Adan fan shu ma jing tou sheng jing@f远望图书编@Fyuan wang tu shu bian |
| 210 | @a重庆@c重庆大学出版社@d2008.02 | |
| 215 | @a232页@c图@d28cm | |
| 330 | @a本书针对大家的困惑首先对单反镜头(尤其是数码镜头)的各方面知识进行全面的介绍,包括单反镜头的基础知识、选购要点、5大原厂3大副厂的经典与新款镜头的评测及1机配2镜推荐方案等内容,然后针对每一款镜头给出试用心得及点评,另附拍摄样张,让用户能更加清楚地了解各款镜头的实际品质;最后对镜头周边、保养维护等内容进行讲解。 | |
| 606 | 0 | @a数字照相机@Ashu zi zhao xiang ji@x单镜头反光照相机@x摄影镜头@x基本知识 |
| 690 | @aTB851@v4 | |
| 711 | 02 | @a远望图书@Ayuan wang tu shu@4编 |
| 801 | 0 | @aCN@bQSSK@c20080902 |
| 905 | @b734848-50@dTB851@eY938@f3 | |
| 单反数码镜头圣经/远望图书编.-重庆:重庆大学出版社,2008.02 |
| 232页:图;28cm |
| ISBN 978-7-5624-4390-2:CNY58.00 |
| 本书针对大家的困惑首先对单反镜头(尤其是数码镜头)的各方面知识进行全面的介绍,包括单反镜头的基础知识、选购要点、5大原厂3大副厂的经典与新款镜头的评测及1机配2镜推荐方案等内容,然后针对每一款镜头给出试用心得及点评,另附拍摄样张,让用户能更加清楚地了解各款镜头的实际品质;最后对镜头周边、保养维护等内容进行讲解。 |
| ● |
| 相关链接 |
|
|
|
正题名:单反数码镜头圣经
索取号:TB851/Y938
 
预约/预借
| 序号 | 登录号 | 条形码 | 馆藏地/架位号 | 状态 | 备注 |
| 1 | 734848 | 207348486 | 自科库501/501自科库 19排2列4层/ [索取号:TB851/Y938] | 在馆 | |
| 2 | 734849 | 207348495 | 自科库501/501自科库 19排2列4层/ [索取号:TB851/Y938] | 在馆 | |
| 3 | 734850 | 207348501 | 自科库501/501自科库 19排2列4层/ [索取号:TB851/Y938] | 在馆 |